Регионална библиотека "Любен Каравелов" - Русе

Модерни ръчни изделия (Запис номер 115270)

MARC детайли
000 -Лидер
Контролно поле с фиксирана дължина 02133nam a2200493 c 4500
003 - Код на организацията, давaща контролен номер
Контролно поле BLK
005 - Дата и час на последна редакция
Контролно поле 20200227140512.0
008 - Елементи от данни с фиксирана дължина
fixed length control field 180409b bul|||||r ||||||| ||bul||
010 ## - Наследен системен номер
LC control number KNG00120747000
040 ## - Източник на каталожния запис
Идентификатор на билиотеката - собственик на записа BLK
041 ## - Код за език
Код за езика на текст/звукозапис или на отделно заглавие Български
Код за езика КДБФ Български
080 ## - УДК
Текстов определител УДК Художествени ръкоделия
УДК код - определител по УДК 746
УДК определител (035)
УДК - код + определител 746(035)
100 1# - Редна дума - Автор
Автор Херцег, Беата
Авторска отговорност първи автор
R(LIN) 314023
139 ## - Редно поле
Редна дума Модерни ръчни изделия
Авторски знак Моа - М 79
245 10 - Сведения за заглавието
Заглавие Модерни ръчни изделия
Подзаглавни данни Ръководство
Редно поле (дума) Беата Херцег; прев. от унг. Теньо Дренчев.
257 ## - Страна на издаване
Страна на създаване/издаване Унгария
260 ## - Област на издателските данни
Име на издателя, разпространителя и проч. Техника
Година на издаване 1988
300 ## - Физическа характеристика
Страници 132 с.
Илюстрации и др. с ил., черт.
Размери/Мащаб 19х20 см
380 ## - Жанр
Жанр Изкуство
500 ## - Общи забележки
Забележка Ориг. загл. Modern kezimunkak / Gsokos Gyoryi et al. - Други авт. : Д. Чокош, Е Пайер, Е. Салонтай, А. Кун.
650 #4 - Допълнително описание по предмет – тема
Основно описание – тема или топоним Приложно и декоративно изкуство - наръчници и ръководства
9 (RLIN) 268020
650 #4 - Допълнително описание по предмет – тема
Основно описание – тема или топоним Тъкани, художествени
9 (RLIN) 270976
650 #4 - Допълнително описание по предмет – тема
Основно описание – тема или топоним Плетачество, ръчно - наръчници и ръководства
9 (RLIN) 245396
653 ## - Ключова дума – ненормативна
Ключова дума плетива
653 ## - Ключова дума – ненормативна
Ключова дума плетачество
653 ## - Ключова дума – ненормативна
Ключова дума пачуърк
653 ## - Ключова дума – ненормативна
Ключова дума макраме
653 ## - Ключова дума – ненормативна
Ключова дума апликации
653 ## - Ключова дума – ненормативна
Ключова дума декоративно изкуство
653 ## - Ключова дума – ненормативна
Ключова дума приложни изкуства
653 ## - Ключова дума – ненормативна
Ключова дума наръчници
653 ## - Ключова дума – ненормативна
Ключова дума ръководства
700 1# - Други автори (авторска отговорност)
Лично име Дренчев, Теньо
Автороска отговорност (Описва отношението между автора и произведението) прев. от унг.
9 (RLIN) 314024
700 1# - Други автори (авторска отговорност)
Лично име Чокош, Дьорди
Автороска отговорност (Описва отношението между автора и произведението) *
9 (RLIN) 142013
700 1# - Други автори (авторска отговорност)
Лично име Пайер, Емилия
Автороска отговорност (Описва отношението между автора и произведението) *
9 (RLIN) 105639
700 1# - Други автори (авторска отговорност)
Лично име Прос, Вероника
Автороска отговорност (Описва отношението между автора и произведението) *
9 (RLIN) 314025
700 1# - Други автори (авторска отговорност)
Лично име Салонтай, Ева
Автороска отговорност (Описва отношението между автора и произведението) *
9 (RLIN) 118609
700 1# - Други автори (авторска отговорност)
Лично име Кун, Ана
Автороска отговорност (Описва отношението между автора и произведението) *
9 (RLIN) 314026
856 4# - Електронен адрес и достъп
Електронен формат pdf - файл
856 4# - Електронен адрес и достъп
Електронен формат pdf - файл
999 ## - СИСТЕМНИ КОНТРОЛНИ НОМЕРА
Koha biblionumber 115270
Koha biblioitemnumber 115270
942 ## - АРТИКУЛИ
Вид на библиотечния материал Книги
Скрит в OPAC Не
Koha issues (borrowed), all copies 1
Периодичен библиозапис Да
944 ## - СЪЗДАВАНЕ И РЕДАКЦИЯ на ЗАПИСА
Създаване/Редакция Създаване
Дата на регистрацията/редакция 12.01.2011
Статус, дата на статуса ф / 11.01.2011
Служител, извършил регистрацията/редакцията Ирена_Линкова
944 ## - СЪЗДАВАНЕ И РЕДАКЦИЯ на ЗАПИСА
Създаване/Редакция Редакция
Дата на регистрацията/редакция 04.04.2013
Статус, дата на статуса ф / 11.01.2011
999 ## - СИСТЕМНИ КОНТРОЛНИ НОМЕРА
Koha biblioitemnumber 115270
Наличности
Код за отписване Код за изгубен артикул Източник на класификационната схема Код за повреда Коз за рестрикции Код за отдаване Артикулен № Име на библиотеката - собственик Име на библиотеката, в която се намира в момента Статус (Текущо местоположение) Дата на вписване в системата Местоположение - отдел Цена в лева Инвентарен номер Систематично азбучна сигнатура Баркод Номер на екземпляра Цена в евро Служебна бележка Служебен тип на артикула
Изтеглен Не е изгубен Universal Decimal Classification Не е повреден без рестрикции заемане за дома 185119 Регионална библиотека "Любен Каравелов" Русе Регионална библиотека "Любен Каравелов" Русе Отдел Изкуство - подръчен фонд 1988-01-01 Отдел Изкуство - подръчен фонд 1.69 514761 746/М 79 514761 1 0.86 Дост: Pk Вид: Ф N: стар фонд Дата: 01.01.1988 Дата инв: 07.06.2012 Бележки инв: * Книги
Изтеглен Не е изгубен Universal Decimal Classification Не е повреден без рестрикции заемане за дома 185120 Регионална библиотека "Любен Каравелов" Русе Регионална библиотека "Любен Каравелов" Русе Отдел Изкуство - подръчен фонд 2012-09-10 Отдел Изкуство - подръчен фонд 2.00 120000759670 746/М 79 120000759670 2 1.02 Дост: DA Вид: А N: 18 Дата: 03.09.2012 Дата инв: 12.02.2015 Бележки инв: ИП2015 Книги
  Не е изгубен Universal Decimal Classification Не е повреден само за читалня ползва се в читалня 185121 Регионална библиотека "Любен Каравелов" Русе Регионална библиотека "Любен Каравелов" Русе Хранилище 1988-01-01 Хранилище 1.69 514174 Цб 298533 120000514174 3 0.86 Дост: Dp Вид: Д N: стар фонд Дата: 01.01.1988 Книги
Изтеглен Не е изгубен Universal Decimal Classification Не е повреден без рестрикции заемане за дома 185122 Регионална библиотека "Любен Каравелов" Русе Регионална библиотека "Любен Каравелов" Русе Детски отдел 1988-01-01 Детски отдел 1.69 514854 ДН 7/М 79 514854 4 0.86 Дост: Pk Вид: Ф N: стар фонд Дата: 01.01.1988 Дата инв: 02.10.2015 Бележки инв: Д2015 Книги
Изтеглен Не е изгубен Universal Decimal Classification Не е повреден без рестрикции заемане за дома 185123 Регионална библиотека "Любен Каравелов" Русе Регионална библиотека "Любен Каравелов" Русе Отдел Изкуство - подръчен фонд 1988-01-01 Отдел Изкуство - подръчен фонд 1.69 514855 746/М 79 514855 5 0.86 Дост: Pk Вид: Ф N: стар фонд Дата: 01.01.1988 Дата инв: 12.02.2015 Бележки инв: ИП2015 Книги
Изтеглен Не е изгубен Universal Decimal Classification Не е повреден без рестрикции заемане за дома 185124 Регионална библиотека "Любен Каравелов" Русе Регионална библиотека "Любен Каравелов" Русе Детски отдел 1988-01-01 Детски отдел 1.69 514858 ДН 7/М 79 514858 6 0.86 Дост: Pk Вид: Ф N: стар фонд Дата: 01.01.1988 Дата инв: 02.10.2015 Бележки инв: Д2015 Книги
Изтеглен Не е изгубен Universal Decimal Classification Не е повреден без рестрикции заемане за дома 185125 Регионална библиотека "Любен Каравелов" Русе Регионална библиотека "Любен Каравелов" Русе Отдел Изкуство - подръчен фонд 1988-01-01 Отдел Изкуство - подръчен фонд 1.69 516676 746/М 79 516676 7 0.86 Дост: Pk Вид: Ф N: стар фонд Дата: 01.01.1988 Дата инв: 12.02.2015 Бележки инв: ИП2015 Книги
Vip Innovations Ltd, Rousse, Bulgaria 2025